| 000 | 00575nam a2200181 a 4500 | ||
|---|---|---|---|
| 005 | 20140310183216.0 | ||
| 008 | 030528s19uu xx 00 eng d | ||
| 050 |
_aHF 5549.5.T7 _b.B535 1987 |
||
| 100 | _aBittel, Lester R. | ||
| 245 |
_aThe Complete guide to supervisory training & development / _cLester R. Bittel. |
||
| 260 |
_aReading, massachusetts : _bAddison-Wesley Pub., _c1987. |
||
| 300 |
_aviii, 334 p. : _bill. ; _c30 cm. |
||
| 521 | _aBSBA | ||
| 650 |
_aSupervisors _xTraining of |
||
| 650 |
_aManagers _xTraining of |
||
| 942 |
_cBK _2lcc _kFOR |
||
| 999 |
_c20239 _d20239 |
||